000 00489nam a2200169Ia 4500
008 241217s9999||||xx |||||||||||||| ||und||
020 _c74
040 _beng
_cSSK Library
_erda
082 _a658.4032/REN
100 _a Barry Render, Ralph M. Stair, Jr. & Michael E. Hanna -
245 0 _aQuantitative Analysis For Management
250 _a9th ed
260 _b Pearson Prentice Hall
_c©2006
942 _2Dewey Decimal Classification
_cBOOK
_nNo
999 _c19058
_d19058
003 OSt
005 20241217112715.0